00699 2200253 4500001002100000005001700021008004100038035002400079041000800103043001200111082000800123090001500131100002300146245008800169260004200257300002000299650002300319852001200342990002000354990002000374990001700394990001700411990001700428YOGYA-0511000000059920110509184250.0 ind  0010-051100000000599 aInd aYOPDYOG a648 a648bPer T aPerwani, Yayuk Sri aTeori dan petunjuk praktek housekeeping untuk akademi perhotelancYayuk Sri Perwani aJakartabGramedia Pustaka Utamac2004 a81 hlm.c21 cm. aAkademi Perhotelan aYOPDYOG a4124-PD/A.05b1 a4125-PD/A.05b1 a4126-PD/A.05 a4124-PD/A.05 a4123-PD/A.05